banner-ar

الخطط العسكرية : (Record no. 61430)

MARC details
000 -الفاتح
حقل البيانات ثابتة الطول 01581nam a2200337 4500
005 - وقت وتاريخ اخر تعامل مع التسجيلة
رقم الضبط 20240530110459.0
008 - عناصر البيانات ثابتة الطول - معلومات عامة
حقل البيانات ثابتة الطول 150620s2012 ua g 000 0 ara d
017 ## - رقم الايداع القانونى
رقم الايداع القانونى 2012/3301
المصدر ( الهيئة المختصة) مصر . دار الكتب المصرية
020 ## - الرقم الدولى المعيارى للكتب
الرقم الدولى المعيارى للكتاب 9789774363092
040 ## - مصدر الفهرسة
وكالة الفهرسة الأصلية EG-CaGPL
082 04 - رقم تصنيف ديوى العشرى
رقم الطبعة 21
رقم التصنيف 355.4\
رقم المادة هـ خ
100 1# - المدخل الرئيسى - إسم شخصى
الإسم الشخصى هارت ، ب. هـ. ليدل
الشكل الأكمل للاسم ب. هـ. ليدل هارت
245 12 - بيان العنوان
العنوان الخطط العسكرية :
بقية العنوان من القرن الخامس قبل الميلاد الى الحرب العالمية الثانية /
بيان المسئوليه,etc تاليف ب. هـ. ليدل هارت ؛ ترجمة على رمضان فاضل
250 ## - بيان الطبعة
بيان الطبعة ط1
260 ## - PUBLICATION, DISTRIBUTION, ETC. (IMPRINT)
تاريخ النشر أو التوزيع 2012 .
300 ## - الوصف المادى
التعداد 194 ص ؛
أبعاد الوعاء 24 سم
650 04 - المدخل الاضافى بالموضوع-مصطلح موضوعى
مصطلح موضوعي التكتيك العسكري
650 04 - المدخل الاضافى بالموضوع-مصطلح موضوعى
مصطلح موضوعي التكتيك الحربى
التقسيم الفرعي الزمني القرن السابع عشر
650 04 - المدخل الاضافى بالموضوع-مصطلح موضوعى
مصطلح موضوعي التكتيك الحربى
التقسيم الفرعي الزمني الحرب العالمية الثانية
650 04 - المدخل الاضافى بالموضوع-مصطلح موضوعى
مصطلح موضوعي التكتيك الحربى
التقسيم الفرعي الزمني الحرب العالمية الاولى
650 04 - المدخل الاضافى بالموضوع-مصطلح موضوعى
مصطلح موضوعي الثورة الفرنسية
650 04 - المدخل الاضافى بالموضوع-مصطلح موضوعى
مصطلح موضوعي التكتيك الحربى
التقسيم الفرعي الزمني القرن الثامن عشر
650 04 - المدخل الاضافى بالموضوع-مصطلح موضوعى
مصطلح موضوعي التكتيك الحربى
التقسيم الفرعي العام تاريخ
التقسيم الفرعي الزمني العصور الوسطى
650 04 - المدخل الاضافى بالموضوع-مصطلح موضوعى
مصطلح موضوعي الحروب البيزنطية
650 04 - المدخل الاضافى بالموضوع-مصطلح موضوعى
مصطلح موضوعي الحروب الرومانية
650 04 - المدخل الاضافى بالموضوع-مصطلح موضوعى
مصطلح موضوعي التاريخ الحربى
650 04 - المدخل الاضافى بالموضوع-مصطلح موضوعى
مصطلح موضوعي التكتيك الحربى
التقسيم الفرعي العام الحروب الاغريقية
700 ## - المدخل الاضافى - اسم شخصى
الإسم الشخصى على رمضان فاضل
الدور مترجم
942 ## - عناصر المدخل الإضافي( كوها)
مصدر التصنيف او مخطط الترفيف Dewey Decimal Classification
Koha [default] item type كتاب
260 ## - PUBLICATION, DISTRIBUTION, ETC. (IMPRINT)
-- القاهرة :
-- مكتبة النافذة ،
Holdings
حالة التراجع حالة الفقد حالة تلف ليس للاعارة المكان المؤقت الموقع الحالى تاريخ الاكتساب اجمالي اﻻعارات رقم الطلب الباركود تاريخ اخر مشاهدة تاريخ تفعيل السعر نوع وعاء كوها
        مكتبة القاهرة الكبرى مكتبة القاهرة الكبرى 06/20/2015   355.4\ هـ خ 160727 06/20/2015 06/20/2015 كتاب

Powered By

EGPV